00857nam a2200217 a 450000100100000000500170001000800410002702000150006804000250008304100390010808200130014710000230016024000700018324501150025325000110036826000470037930000210042653400790044750000740052670000390060000002475120200930023340.0110203s1980 mx r 000 0 spa d a9682301394 aDO-SdBNPbspacBNPHU17aspahfre2Código de idiomas MARC ann*bnn*1 aPoulantzas, Nicos.14aLes classes sociales dans le capitalisme aujourd´hui.lEspañol14aLas clases sociales en el capitalismo actul /cNicos Poulantzas ; traducción de Aurelio Garzón del Camino. a5a ed. aMéxico, D. F. :bSiglo Veintiuno,c1980. a312 p. ;c21 cm. aTítulo original :tLes classes sociales dans le capitalisme aujourd´hui aIncluye referencias bibliográficas y notas al pie de las páginas.1 aGarzón del Camino, Aurelio,etr.